Escritos económicos / (Record no. 193597)

MARC details
000 -LEADER
campo de control de longitud fija 01676nam a2200433 i 4500
001 - NÚMERO DE CONTROL
campo de control 193597
003 - IDENTIFICADOR DE NÚMERO DE CONTROL
campo de control ES-MaACL
005 - FECHA Y HORA DE LA ÚLTIMA TRANSACCIÓN
campo de control 20240903062956.0
007 - CAMPO FIJO DE DESCRIPCIÓN FÍSICA--INFORMACIÓN GENERAL
campo de control de longitud fija ta
008 - DATOS DE LONGITUD FIJA--INFORMACIÓN GENERAL
campo de control de longitud fija 920904s1991 sp 000 spa
017 ## - NÚMERO DE COPYRIGHT O DE DEPÓSITO LEGAL
Número de copyright o de depósito legal M 8771-1991
Agencia que asigna Oficina Depósito Legal Madrid
020 ## - NÚMERO INTERNACIONAL ESTÁNDAR DEL LIBRO
Número Internacional Estándar del Libro 8471969017
040 ## - FUENTE DE CATALOGACIÓN
Centro catalogador/agencia de origen SpMaUCCE
Lengua de catalogación spa
Centro/agencia transcriptor ES-MaACL
080 ## - NÚMERO DE LA CLASIFICACIÓN DECIMAL UNIVERSAL
Número de la Clasificación Decimal Universal 33(081) Figuerola, Laureano
100 1# - ENTRADA PRINCIPAL--NOMBRE DE PERSONA
Nombre de persona Figuerola, Laureano,
9 (RLIN) 50808
Fechas asociadas al nombre 1816-1903
Término indicativo de función/relación Autor
245 10 - MENCIÓN DEL TÍTULO
Título Escritos económicos /
Mención de responsabilidad, etc. Laureano Figuerola ; edición y estudio preliminar por Francisco Cabrillo
264 ## - PRODUCCIÓN, PUBLICACIÓN, DISTRIBUCIÓN, FABRICACIÓN Y COPYRIGHT
Producción, publicación, distribución, fabricación y copyright Madrid :
Nombre del de productor, editor, distribuidor, fabricante Instituto de Estudios Fiscales,
Fecha de producción, publicación, distribución, fabricación o copyright [1991]
300 ## - DESCRIPCIÓN FÍSICA
Extensión XLIV, 361 páginas ;
Dimensiones 21 cm
336 ## - TIPO DE CONTENIDO
Fuente rdacontent
Término de tipo de contenido Texto
337 ## - TIPO DE MEDIO
Fuente rdamedia
Nombre/término del tipo de medio sin mediación
338 ## - TIPO DE SOPORTE
Fuente rdacarrier
Nombre/término del tipo de soporte volumen
490 0# - MENCIÓN DE SERIE
Mención de serie Clásicos del pensamiento económico español
Designación de volumen o secuencia ; 14
500 ## - NOTA GENERAL
Nota general Índice
500 ## - NOTA GENERAL
Nota general Apéndice documental
504 ## - NOTA DE BIBLIOGRAFÍA, ETC.
Nota de bibliografía, etc. Referencias bibliográficas
600 14 - PUNTO DE ACCESO ADICIONAL DE MATERIA--NOMBRE DE PERSONA
9 (RLIN) 50808
Nombre de persona Figuerola, Laureano,
Fechas asociadas al nombre 1816-1903
650 04 - PUNTO DE ACCESO ADICIONAL DE MATERIA--TÉRMINO DE MATERIA
Término de materia o nombre geográfico como elemento de entrada Economía-
Subdivisión general Escuelas y Teorías
9 (RLIN) 234905
700 0# - ENTRADA AGREGADA--NOMBRE PERSONAL
Nombre de persona Cabrillo, Francisco
9 (RLIN) 33329
Término indicativo de función/relación Editor literario
710 2# - ENTRADA AGREGADA--NOMBRE DE ENTIDAD CORPORATIVA
9 (RLIN) 169207
Nombre de entidad corporativa o nombre de jurisdicción como elemento de entrada Instituto de Estudios Fiscales (España)
830 ## - PUNTO DE ACCESO ADICIONAL DE SERIE-TÍTULO UNIFORME
9 (RLIN) 185560
Título uniforme Clásicos del pensamiento económico español
852 ## - LOCALIZACIÓN
Ubicación ES-MaACL
Sublocalización o colección R. 154939
Ubicación en estantería Depósito J
Número de control de estantería N-9603
Donativo/Legado Donación: Francisco Cabrillo
Encuadernación Encuadernación cartoné
itemnumber 201059
903 ## - NOMBRE PERSONAL DE DONANTE
9 33329
a Cabrillo, Francisco
e Donante
942 ## - ELEMENTOS DE ENTRADA SECUNDARIOS (KOHA)
Suprimir en OPAC No
Tipo de ítem Koha Libro impreso
Holdings
Estatus retirado Estado de pérdida Fuente del sistema de clasificación o colocación Estado de daño No para préstamo Biblioteca de origen Biblioteca actual Ubicación en estantería Fecha de adquisición Fuente de adquisición Total de préstamos Signatura topográfica completa Código de barras Visto por última vez Tipo de ítem Koha
    Clasificación decimal universal     Biblioteca del Ateneo de Madrid Biblioteca del Ateneo de Madrid Depósito J 17/01/2024 Donación   N-9603 101206337 17/01/2024 Libro impreso